000 00574nam a2200241 a 4500
001 nice12345678
003 IN_TiNIC
005 20260116013920.0
008 050524s1989 chia grp 000 0 eng
020 _a0883473
_c830.55
082 0 0 _a230.092
_bBAC
100 _aBacik, James
245 _aContemporary Theologians
260 _aChicago
_bThomos More
_c1989
300 _a292p
500 _aincludes index and biblioraphy
505 2 _aIndex
650 _aTheologians
700 1 _aBacik, James
902 _bSRS
942 _cBK
999 _c13086
_d13086